00908nam a2200181Ia 4500008004100000020001800041082001900059100003200078245007500110250000600185260002700191300001100218500004100229650003900270952010800309952029200417999001700709120629s9999 xx 000 0 und d a970-10-3809-6 a346.7202 T813c aTreviño García, Ricardo aLos contratos civiles y sus generalidades / Ricardo Treviño García a6 aMéxico : McGraw-Hill a1037 p aBibliografía, epílogo e índice a1. CONTRATOS-MEXICO-LEGISLACIONÌ 00104070a15b15d2008-02-20l6m1o346.7202 T813Cp15 002633r2017-12-07s2015-01-26w2012-06-28yLB 00102ddc4070a15b15cAcervod2025-06-13l0o346.022 p15 00009981r2025-06-14t2w2025-06-14yLBzEsta edición de esta obra donde se aborda el estudio de los contratos de manera amplia e inclusiva. Se inicia con los contratos preparatorios y los contratos traslativos de dominio.f c76139d76139